000 00406pab a2200169 454500
008 180718b2012 xxu||||| |||| 00| 0 eng d
100 _aSharma, Anju
245 _aIncome generation in tribal Bharmaur (Himachal Pradesh)
260 _c2012
300 _ap.37-41.
362 _aSep
650 _aTribes
650 _aIncome
700 _aSharma, Adarsh
773 _aThird Concept
909 _a114137
999 _c114131
_d114131